| 000 | 00726nam a2200229 u 4500 | ||
|---|---|---|---|
| 005 | 20240601063743.0 | ||
| 008 | 130305s2010 r 000 0 eng d | ||
| 020 | _a9789505078325 | ||
| 035 | _aUPN01000190018 | ||
| 049 | _aCG | ||
| 050 | 4 |
_aLB1719 A7 _bM8.5 2010 |
|
| 100 | 1 |
_aMüller, Marina _932154 |
|
| 245 | 1 | 0 |
_aFormación docente y psicopedagógica : _bestrategias y propuestas para la intervención educativa / _cMarina Müller. |
| 250 | _a4a ed. | ||
| 260 |
_aBuenos Aires : _bBonum, _c2010. |
||
| 300 |
_a238 p. : _bcuadros |
||
| 650 | 2 |
_aCapacitación docente _95701 |
|
| 650 | 4 |
_aMAESTROS - _xFORMACION PROFESIONAL - _zARGENTINA _9766 |
|
| 650 | 4 |
_aPsicopedagogía _95085 |
|
| 905 | _aLibro | ||
| 999 |
_c162121 _d162121 |
||